000 00680nam a2200241Ia 4500
003 OSt
005 20220928103709.0
006 a|||||r|||| 00| 0
007 ta
008 220927b |||||||| |||| 00| 0 eng d
024 _a59318
037 _cTextual
040 _aSDCL
_cSDCL
_beng
041 _2eng
_aeng
082 _aR635x1,1, L9.1
100 _aSatayadev
_9406626
245 0 _aYoga rahasya or patanjali yoga darshanam .
260 _aVaranasi
_bBharatiya Vidya Prakashan
_c1979
300 _a238p.
_ccm.
700 _a Tiwari Koshlapati
_9406627
942 _hR635x1,1, L9.1
_cTEXL
_2CC
999 _c722173
_d722173